LEADER 03489nam 22006133 450 001 996552364003316 005 20231110230415.0 010 $a1-80073-125-6 024 7 $a10.1515/9781800731257 035 $a(CKB)4100000011964665 035 $a(MiAaPQ)EBC6644622 035 $a(Au-PeEL)EBL6644622 035 $a(OCoLC)1248602330 035 $a(DE-B1597)635900 035 $a(DE-B1597)9781800731257 035 $a(OCoLC)1308753058 035 $a(EXLCZ)994100000011964665 100 $a20210901d2021 uy 0 101 0 $aeng 135 $aurcnu|||||||| 181 $ctxt$2rdacontent 182 $cc$2rdamedia 183 $acr$2rdacarrier 200 10$aDelta Life $eExploring Dynamic Environments Where Rivers Meet the Sea 210 1$aNew York, NY :$cBerghahn Books, Incorporated,$d2021. 210 4$dİ2021. 215 $a1 online resource (247 pages) 225 1 $aEnvironmental Anthropology and Ethnobiology ;$vv.28 311 $a1-80073-124-8 327 $aIntro -- Contents -- Illustrations -- Acknowledgements -- Introduction - Life at Water's Edge -- Chapter 1 - Displacing the Delta: Notes on the Anthropology of the Earth's Physical Features -- Chapter 2 - The Global Swamp: The Amphibious as a Figure of Heterotopia -- Chapter 3 - Stagnation: Waterflows and the Politics of Stranded Matter in La Mojana, Colombia -- Chapter 4 - Economy, Identity and Hydrology: Towards a Holistic Approach to Intersecting Volatilities in the Mackenzie Delta, Canada -- Chapter 5 - 'This Tide Will Be a Good Tide': On Movement, Anticipative Waiting and Tricking on the Islands of the Parnaiba Delta, Brazil -- Chapter 6 - Gleaning Time: Practice, Pause and Anticipation in the Sine-Saloum Delta, Senegal -- Chapter 7 - Lived Histories of Flows and Sediments in a Turkish Delta -- Chapter 8 - Available, Yet Unavailable: Anchoring Land in the Ayeyarwady Delta, Myanmar -- Conclusion - Confluences and Distributaries in Delta Life -- Index. 330 $aProposing a series of innovative steps towards better understanding human lives at the interstices of water and land, this volume includes eight ethnographies from deltas around the world. The book presents ?delta life? with intimate descriptions of the predicaments, imaginations and activities of delta inhabitants. Conceptually, the collection develops ?delta life? as a metaphor for approaching continual and intersecting sociocultural, economic and material transformations more widely. The book revolves around questions of hydrosociality, volatility, rhythms and scale. It thereby yields insights into people?s lives that conventional, hydrological approaches to deltas cannot provide. 410 0$aEnvironmental Anthropology and Ethnobiology 517 $aDelta Life 606 $aDeltas$xEnvironmental aspects 606 $aDeltas 606 $aEthnology 606 $aWater supply 606 $aNATURE / Natural Resources$2bisacsh 610 $aEnvironmental Studies (General), Anthropology (General), Sociology. 615 0$aDeltas$xEnvironmental aspects. 615 0$aDeltas. 615 0$aEthnology. 615 0$aWater supply. 615 7$aNATURE / Natural Resources. 676 $a304.20914/6 700 $aKrause$b Franz$01205450 701 $aHarris$b Mark$f1969 March 12-.$01273015 801 0$bMiAaPQ 801 1$bMiAaPQ 801 2$bMiAaPQ 906 $aBOOK 912 $a996552364003316 996 $aDelta Life$92999052 997 $aUNISA LEADER 04620nam 22006615 450 001 9910799491403321 005 20251009072000.0 010 $a981-9949-02-5 024 7 $a10.1007/978-981-99-4902-1 035 $a(CKB)29526952800041 035 $a(MiAaPQ)EBC31094177 035 $a(Au-PeEL)EBL31094177 035 $a(DE-He213)978-981-99-4902-1 035 $a(OCoLC)1419871182 035 $a(EXLCZ)9929526952800041 100 $a20240103d2023 u| 0 101 0 $aeng 135 $aur||||||||||| 181 $ctxt$2rdacontent 182 $cc$2rdamedia 183 $acr$2rdacarrier 200 10$aApplied Econometric Analysis Using Cross Section and Panel Data /$fedited by Deep Mukherjee 205 $a1st ed. 2023. 210 1$aSingapore :$cSpringer Nature Singapore :$cImprint: Springer,$d2023. 215 $a1 online resource (625 pages) 225 1 $aContributions to Economics,$x2197-7178 311 08$a9789819949014 320 $aIncludes bibliographical references. 327 $aCount Data Regression: Modelling Diversification in Sports Participation in Spain -- Modeling and Analysis of Discrete Response Data: Applications to Public Opinion on Marijuana Legalization in the United States -- Random Logit Model: An application to demand estimation for differentiated product -- Tobit Regression Analysis of Farmer Adoption Behavior: A Case from El Salvador -- Multiple Hurdle Tobit: Modelling Consumer Behaviour in the US -- Quantile Regression and Decomposition Techniques to Analyse Nutritional Demand in India -- Mixture Models to Infer Income Class Membership in India -- A Primer on Spatial Regression Models: Applications to Poverty and Inequality of Indian Districts -- Nonparametric and Semiparametric Regressions: An Empirical Investigation of Engel?s Law in the context of Brazil -- Copula-based dependence modelling with application in finance. 330 $aThis book is a collection of 20 chapters on chosen topics from cross-section and panel data econometrics. It explores both theoretical and practical aspects of selected cutting-edge techniques which are gaining popularity among applied econometricians, while following the motto of ?keeping things simple?. Each chapter gives a basic introduction to one such method, directs readers to supplementary references, and shows an application. The book takes into account that?A: The field of econometrics is evolving very fast and leading textbooks are trying to cover some of the recent developments in revised editions. This book offers basic introduction to state-of-the-art techniques and recent advances in econometric models with detailed applications from various developing and developed countries. B: An applied researcher or practitioner may prefer reference books with a simple introduction to an advanced econometric method or model with no theorems but with a longer discussionon empirical application. Thus, an applied econometrics textbook covering these cutting-edge methods is highly warranted; a void this book attempts to fills. The book does not aim at providing a comprehensive coverage of econometric methods. The 20 chapters in this book represent only a sample of the important topics in modern econometrics, with special focus on econometrics of cross-section and panel data, while also recognizing that it is not possible to accommodate all types of models and methods even in these two categories. The book is unique as authors have also provided the theoretical background (if any) and brief literature review behind the empirical applications. It is a must-have resource for students and practitioners of modern econometrics. . 410 0$aContributions to Economics,$x2197-7178 606 $aEconometrics 606 $aMicroeconomics 606 $aSpace in economics 606 $aExperimental economics 606 $aEconometrics 606 $aQuantitative Economics 606 $aMicroeconomics 606 $aSpatial Economics 606 $aExperimental Economics 615 0$aEconometrics. 615 0$aMicroeconomics. 615 0$aSpace in economics. 615 0$aExperimental economics. 615 14$aEconometrics. 615 24$aQuantitative Economics. 615 24$aMicroeconomics. 615 24$aSpatial Economics. 615 24$aExperimental Economics. 676 $a330.015195 702 $aMukherjee$b Deep 801 0$bMiAaPQ 801 1$bMiAaPQ 801 2$bMiAaPQ 906 $aBOOK 912 $a9910799491403321 996 $aApplied Econometric Analysis Using Cross Section and Panel Data$93877651 997 $aUNINA